Score 0/24 Timer 06:00
2 Plays Today
% Correct
SpongeBob SquarePants
99.5%
Baywatch
95.2%
Friends
94.1%
How I Met Your Mother
88.2%
Futurama
85.3%
Rugrats
85.3%
The Simpsons
85.2%
Scrubs
80.2%
Gilligan's Island
79.5%
Sex and the City
79.4%
Survivor: Game Changers
78.9%
The Brady Bunch
78.3%
% Correct
Bob's Burgers
77%
Lost
76.4%
The Sopranos
74.9%
Married... with Children
72.3%
House, M.D.
67.4%
Hey Arnold!
62.4%
The Office (US)
48.5%
The Amazing Race
44.1%
Curb Your Enthusiasm
41.2%
It's Always Sunny in Philadelphia
39.9%
Downton Abbey
39.1%
Bloodline
14.4%
Remove Ads.
Support Sporcle.
Get the best of Sporcle when you Go Orange. This ad-free experience offers more features, more stats, and more fun while also helping to support Sporcle. Thank you for becoming a member.

You're not logged in!

Compare scores with friends on all Sporcle quizzes.
OR
Log In

Show Comments

Extras

Top Quizzes Today


Score Distribution

Your Account Isn't Verified!

In order to create a playlist on Sporcle, you need to verify the email address you used during registration. Go to your Sporcle Settings to finish the process.

Report this User

Report this user for behavior that violates our Community Guidelines.

Details: